Dr House General Quiz - Hard Level - Statistics

General Stats
  • This quiz has been taken 173 times
    160 since last reset
  • The average score is 6 of 10
Answer Stats
Question Answer % Correct
Is this statement True or False? : House's picture as a cheerleader was a fake. False
94%
What disease does Dr.Thirteen have? Huntington's
88%
Who becomes the new Dean of Medicine after Dr.Cuddy? Dr.Foreman|Foreman
84%
What did Dr.Taub work as before working for House? Plastic Surgeon
76%
What nickname did House give to Dr. Amber? Cutthroat Bitch
61%
In which episode does Tritter arrest House? (Express your answer as SA:EB, where A and B are numbers.) S3:E5
50%
What is House's ex girlfriend's husband's first name? Mark
36%
In which state did House first meet Wilson? Louisiana
27%
What is Dr.Thirteen's middle name? Beauregard
22%
What is the nickname of House's big tennis ball that he is always playing with Bally
13%
No matching quizzes found
Score Distribution
Percent of People with Each Score
Percentile by Number Answered
Your Score History
You have not taken this quiz since the last reset